Statistiques concernant Le Château de Versailles

Cliquez ici pour prendre le quiz!

Statistiques générales

  • Ce quiz a été pris 175 fois
  • Le résultat moyen est 7 sur 15

Statistiques - réponses

QuestionRéponse% Correct
Pays
France
100%
RégionÎle de France
94%
À l'origine,le château était un pavillon de chasse de ce Roi.Louis XIII
90%
Vrai ou Faux ? La Galerie la plus célèbre du château est la Galerie des Glaces ?Vrai
84%
DépartementYvelines
72%
Jardinier officiel du Roi.Le Nôtre
67%
Style d'ArchitectureBaroque
49%
Période ou styleClassique
41%
Le Roi s'y installe définitivement cette année-là.1682
36%
Peintre officiel du Roi.Charles le Brun
27%
Date de Consécration de la Chapelle Royale1710
22%
Galerie créé sous Louis-Philippe Ier.Galerie des Batailles
22%
Bassin dédié au Dieu du SoleilBassin d'Apollon
17%
Architecte qui travailla à Versailles jusqu'à sa mort en 1670,mais qui construit surtout ce célèbre château,situé aujourd'hui en Seine-et-Marne.Vaux-le-Vicomte
7%
Pavillon érigé sous Louis XVIII.Pavillon Dufour
3%

Distribution des résultats

Percentile par nombre de réponses

% des personnes avec chaque résultat

Votre développement - résultats

Vous n’avez pas pris ce quiz